Sports Quiz

Random Sports or Basketball Quiz
Score 0/235 Timer 10:00
0 Plays Today
Year Player % Correct
1986-1987Michael Jordan
98.6%
1988-1989Michael Jordan
98.6%
1987-1988Michael Jordan
98.6%
1987-1988Michael Jordan
98.6%
1989-1990Michael Jordan
98.6%
1989-1990Michael Jordan
98.6%
1990-1991Michael Jordan
98.6%
1991-1992Michael Jordan
98.6%
1992-1993Michael Jordan
98.6%
1992-1993Michael Jordan
98.6%
1995-1996Michael Jordan
98.6%
1996-1997Michael Jordan
98.6%
1997-1998Michael Jordan
98.6%
2013-2014DeAndre Jordan
98.6%
2014-2015DeAndre Jordan
98.6%
2007-2008LeBron James
97.1%
2009-2010Kevin Durant
96.7%
2010-2011Kevin Durant
96.7%
2011-2012Kevin Durant
96.7%
2013-2014Kevin Durant
96.7%
2005-2006Kobe Bryant
96.6%
2006-2007Kobe Bryant
96.6%
1999Allen Iverson
96.2%
2000-2001Allen Iverson
96.2%
2000-2001Allen Iverson
96.2%
2001-2002Allen Iverson
96.2%
2001-2002Allen Iverson
96.2%
2002-2003Allen Iverson
96.2%
2004-2005Allen Iverson
96.2%
2007-2008Chris Paul
96%
2007-2008Chris Paul
96%
2008-2009Chris Paul
96%
2008-2009Chris Paul
96%
2010-2011Chris Paul
96%
2011-2012Chris Paul
96%
2012-2013Chris Paul
96%
2013-2014Chris Paul
96%
2013-2014Chris Paul
96%
2014-2015Chris Paul
96%
1994-1995Shaquille O'Neal
95.9%
1999-2000Shaquille O'Neal
95.9%
2007-2008Dwight Howard
95.7%
2008-2009Dwight Howard
95.7%
2008-2009Dwight Howard
95.7%
2009-2010Dwight Howard
95.7%
2009-2010Dwight Howard
95.7%
2011-2012Dwight Howard
95.7%
2012-2013Dwight Howard
95.7%
2004-2005Steve Nash
95.7%
2005-2006Steve Nash
95.7%
2006-2007Steve Nash
95.7%
2009-2010Steve Nash
95.7%
2010-2011Steve Nash
95.7%
2014-2015Russell Westbrook
95.4%
2015-2016Stephen Curry
95.1%
2015-2016Stephen Curry
95.1%
2019-2020LeBron James
95%
2013-2014Anthony Davis
94.8%
2014-2015Anthony Davis
94.8%
2003-2004Baron Davis
94.7%
2006-2007Baron Davis
94.7%
2003-2004Kevin Garnett
94.5%
2004-2005Kevin Garnett
94.5%
2005-2006Kevin Garnett
94.5%
2006-2007Kevin Garnett
94.5%
2016-2017Russell Westbrook
94.5%
2018-2019James Harden
94.4%
2018-2019Russell Westbrook
94.2%
2019-2020James Harden
94.1%
2016-2017James Harden
94.1%
2008-2009Dwyane Wade
94%
2009-2010Rajon Rondo
94%
2011-2012Rajon Rondo
94%
2012-2013Rajon Rondo
94%
1987-1988John Stockton
93.9%
1988-1989John Stockton
93.9%
1988-1989John Stockton
93.9%
1989-1990John Stockton
93.9%
1990-1991John Stockton
93.9%
Year Player % Correct
1991-1992John Stockton
93.9%
1991-1992John Stockton
93.9%
1992-1993John Stockton
93.9%
1993-1994John Stockton
93.9%
1994-1995John Stockton
93.9%
1995-1996John Stockton
93.9%
2016-2017John Wall
93.9%
2017-2018James Harden
93.8%
2017-2018Russell Westbrook
93.6%
2012-2013Carmelo Anthony
93.4%
1985-1986Magic Johnson
93.2%
1986-1987Magic Johnson
93.2%
2017-2018Anthony Davis
93.1%
1990-1991David Robinson
92.9%
1991-1992David Robinson
92.9%
1993-1994David Robinson
92.9%
1991-1992Dennis Rodman
92.6%
1992-1993Dennis Rodman
92.6%
1993-1994Dennis Rodman
92.6%
1994-1995Dennis Rodman
92.6%
1995-1996Dennis Rodman
92.6%
1996-1997Dennis Rodman
92.6%
1997-1998Dennis Rodman
92.6%
1999Jason Kidd
92.6%
1999-2000Jason Kidd
92.6%
2000-2001Jason Kidd
92.6%
2002-2003Jason Kidd
92.6%
2003-2004Jason Kidd
92.6%
1988-1989Hakeem Olajuwon
91.9%
1989-1990Hakeem Olajuwon
91.9%
1989-1990Hakeem Olajuwon
91.9%
1990-1991Hakeem Olajuwon
91.9%
1992-1993Hakeem Olajuwon
91.9%
2015-2016Rajon Rondo
91.8%
1983-1984Magic Johnson
91.6%
1982-1983Magic Johnson
91.6%
1981-1982Magic Johnson
91.6%
1980-1981Magic Johnson
91.6%
1984-1985Moses Malone
91.3%
1983-1984Moses Malone
91.3%
1982-1983Moses Malone
91.3%
1981-1982Moses Malone
91.3%
1980-1981Moses Malone
91.3%
1978-1979Moses Malone
91.3%
1981-1982George Johnson
91.2%
1980-1981George Johnson
91.2%
1977-1978George Johnson
91.2%
2002-2003Tracy McGrady
91%
2003-2004Tracy McGrady
91%
2015-2016Andre Drummond
90.9%
2001-2002Ben Wallace
90.6%
2001-2002Ben Wallace
90.6%
2002-2003Ben Wallace
90.6%
2005-2006Gerald Wallace
90.5%
2018-2019Andre Drummond
90.3%
2017-2018Andre Drummond
90.2%
1977-1978Truck Robinson
89.9%
2019-2020Andre Drummond
89.9%
2014-2015Kawhi Leonard
89.6%
2015-2016Hassan Whiteside
89.2%
2010-2011Kevin Love
89.2%
2011-2012Serge Ibaka
89%
2012-2013Serge Ibaka
89%
2016-2017Hassan Whiteside
88.9%
1993-1994Dikembe Mutombo
88.4%
1994-1995Dikembe Mutombo
88.4%
1995-1996Dikembe Mutombo
88.4%
1999-2000Dikembe Mutombo
88.4%
2000-2001Dikembe Mutombo
88.4%
1985-1986Dominique Wilkins
87.5%
2019-2020Hassan Whiteside
87.4%
2018-2019Paul George
86.6%
2019-2020Ben Simmons
86.6%
2016-2017Rudy Gobert
86.5%
1995-1996Gary Payton
86.4%
1994-1995Scottie Pippen
84.2%
1979-1980Kareem Abdul-Jabbar
82.7%
1978-1979Kareem Abdul-Jabbar
82.7%
1975-1976Kareem Abdul-Jabbar
82.7%
Year Player % Correct
1975-1976Kareem Abdul-Jabbar
82.7%
1974-1975Kareem Abdul-Jabbar
82.7%
2017-2018Victor Oladipo
81.3%
1981-1982George Gervin
80.8%
1979-1980George Gervin
80.8%
1978-1979George Gervin
80.8%
1977-1978George Gervin
80.8%
1999Alonzo Mourning
79.7%
1999-2000Alonzo Mourning
79.7%
1999Chris Webber
79%
2018-2019Myles Turner
75.3%
1984-1985Isiah Thomas
74.4%
1986-1987Charles Barkley
72.7%
1982-1983Alex English
70.4%
1975-1976Bob McAdoo
69.2%
1974-1975Bob McAdoo
69.2%
1973-1974Bob McAdoo
69.2%
1985-1986Bill Laimbeer
67.9%
2001-2002Andre Miller
67.4%
1997-1998Marcus Camby
66.4%
2005-2006Marcus Camby
66.4%
2006-2007Marcus Camby
66.4%
2007-2008Marcus Camby
66.4%
1996-1997Mark Jackson
64.9%
1976-1977Bill Walton
64.1%
1976-1977Bill Walton
64.1%
1984-1985Bernard King
63.9%
1986-1987Mark Eaton
62.9%
1987-1988Mark Eaton
62.9%
1983-1984Adrian Dantley
62.6%
1980-1981Adrian Dantley
62.6%
1984-1985Mark Eaton
61.4%
1983-1984Mark Eaton
61.4%
1985-1986Manute Bol
59.4%
1988-1989Manute Bol
59.4%
2010-2011Andrew Bogut
59%
1973-1974Elvin Hayes
56.6%
1976-1977Pete Maravich
55.8%
1974-1975Wes Unseld
54.9%
1985-1986Alvin Robertson
54.3%
1986-1987Alvin Robertson
54.3%
1990-1991Alvin Robertson
54.3%
2004-2005Andrei Kirilenko
51.8%
1973-1974Elmore Smith
50.9%
1974-1975Rick Barry
42.8%
2000-2001Theo Ratliff
41.9%
2002-2003Theo Ratliff
41.9%
2003-2004Theo Ratliff
41.9%
1996-1997Shawn Bradley
41.4%
1996-1997Mookie Blaylock
37.4%
1997-1998Mookie Blaylock
37.4%
1999-2000Eddie Jones
36.8%
1997-1998Rod Strickland
36.6%
2004-2005Larry Hughes
29.8%
1984-1985Micheal Ray Richardson
29.2%
1982-1983Micheal Ray Richardson
29.2%
1979-1980Micheal Ray Richardson
29.2%
1979-1980Micheal Ray Richardson
29.2%
1983-1984Rickey Green
25.7%
1982-1983Tree Rollins
23.9%
1993-1994Nate McMillan
22.6%
1980-1981Kevin Porter
22.2%
1978-1979Kevin Porter
22.2%
1977-1978Kevin Porter
22.2%
1974-1975Kevin Porter
22.2%
1999Kendall Gill
20.8%
1987-1988Michael Cage
12.7%
1981-1982Johnny Moore
11.5%
1979-1980Swen Nater
8.1%
1976-1977Don Buse
8%
1976-1977Don Buse
8%
1973-1974Ernie DiGregorio
7.5%
1978-1979M.L. Carr
7.4%
1977-1978Ron Lee
7.3%
1975-1976Slick Watts
7.2%
1975-1976Slick Watts
7.2%
1973-1974Larry Steele
2.6%
Remove Ads.
Support Sporcle.
Get the best of Sporcle when you Go Orange. This ad-free experience offers more features, more stats, and more fun while also helping to support Sporcle. Thank you for becoming a member.

You're not logged in!

Compare scores with friends on all Sporcle quizzes.
OR
Log In

Show Comments

Extras

Top Quizzes Today


Score Distribution

Your Account Isn't Verified!

In order to create a playlist on Sporcle, you need to verify the email address you used during registration. Go to your Sporcle Settings to finish the process.

Report this User

Report this user for behavior that violates our Community Guidelines.

Details: